Nociones del derecho constitucional / (Registro nro. 3845)
[ vista simple ]
| 000 -LEADER | |
|---|---|
| fixed length control field | 01280nam a2200289Ia 4500 |
| 003 - CONTROL NUMBER IDENTIFIER | |
| control field | OSt |
| 005 - DATE AND TIME OF LATEST TRANSACTION | |
| control field | 20200803123359.0 |
| 008 - FIXED-LENGTH DATA ELEMENTS--GENERAL INFORMATION | |
| fixed length control field | 191128s2003 ck fr 000 0dspa d |
| 020 ## - INTERNATIONAL STANDARD BOOK NUMBER | |
| International Standard Book Number | 9586167410 |
| 040 ## - CATALOGING SOURCE | |
| Original cataloging agency | CO-JMCR |
| Transcribing agency | CO-JMCR |
| 041 0# - LANGUAGE CODE | |
| Language code of text/sound track or separate title | spa |
| 082 04 - DEWEY DECIMAL CLASSIFICATION NUMBER | |
| Classification number | 342.86 / |
| Item number | M912n |
| Edition number | 23 |
| 100 1# - MAIN ENTRY--PERSONAL NAME | |
| Personal name | Mosquera, José Rafael, |
| Relator term | autor |
| 9 (RLIN) | 8253 |
| 245 10 - TITLE STATEMENT | |
| Title | Nociones del derecho constitucional / |
| Statement of responsibility, etc. | José Rafael Mosquera ; estudio introductorio Carlos Restrepo Piedrahita |
| 250 ## - EDITION STATEMENT | |
| Edition statement | Primera edición |
| 260 ## - PUBLICATION, DISTRIBUTION, ETC. | |
| Place of publication, distribution, etc. | Bogotá : |
| Name of publisher, distributor, etc. | Universidad Externado de Colombia, |
| Date of publication, distribution, etc. | 2003 |
| 300 ## - PHYSICAL DESCRIPTION | |
| Extent | 182 páginas ; |
| Dimensions | 21 cm. |
| 500 ## - GENERAL NOTE | |
| General note | Incluye notas a pie de página y datos biográficos del autor. |
| 500 ## - GENERAL NOTE | |
| General note | Homenaje a Fernando Hinestrosa, 40 años de rectoría 1963-2003 |
| 505 0# - FORMATTED CONTENTS NOTE | |
| Formatted contents note | Nociones de derecho constitucional del derecho constitucional -- De los gobiernos representativos -- Proyecto de reforma a la constitución de la Nueva Granada, 1842 -- Informe de la comisión |
| 650 14 - SUBJECT ADDED ENTRY--TOPICAL TERM | |
| Topical term or geographic name entry element | Interpretación del derecho |
| Geographic subdivision | Colombia |
| 9 (RLIN) | 8254 |
| 650 14 - SUBJECT ADDED ENTRY--TOPICAL TERM | |
| Topical term or geographic name entry element | Derecho constitucional |
| 9 (RLIN) | 8255 |
| 650 14 - SUBJECT ADDED ENTRY--TOPICAL TERM | |
| Topical term or geographic name entry element | Historia constitucional |
| Geographic subdivision | Colombia |
| 9 (RLIN) | 8238 |
| 650 14 - SUBJECT ADDED ENTRY--TOPICAL TERM | |
| Topical term or geographic name entry element | Reformas constitucionales |
| Chronological subdivision | 1842 |
| Geographic subdivision | Colombia |
| 9 (RLIN) | 8256 |
| 700 1# - ADDED ENTRY--PERSONAL NAME | |
| Personal name | Restrepo Piedrahita, Carlos, |
| Relator term | introducción |
| 9 (RLIN) | 442 |
| 942 ## - ADDED ENTRY ELEMENTS (KOHA) | |
| Source of classification or shelving scheme | Dewey Decimal Classification |
| Koha item type | Books |
| Withdrawn status | Lost status | Source of classification or shelving scheme | Damaged status | Not for loan | Collection code | Home library | Current library | Date acquired | Source of acquisition | Full call number | Barcode | Date last seen | Copy number | Koha item type |
|---|---|---|---|---|---|---|---|---|---|---|---|---|---|---|
| Dewey Decimal Classification | Non-fiction | Biblioteca Pública José María del Castillo y Rada | Biblioteca Pública José María del Castillo y Rada | 04/15/2018 | Donación | 342.86 / M912n | 201808337 | 05/16/2024 | Ej.1 | Books |